[Event "Weiz op 16th"]
[Site "Weiz"]
[Date "2017.06.17"]
[Round "4.3"]
[White "Muhr, Andreas"]
[Black "Schneider, Manuel"]
[Result "1-0"]
[WhiteElo "1772"]
[BlackElo "1620"]
[PlyCount "65"]
[EventDate "2017.06.15"]
[EventType "swiss"]
[EventRounds "5"]
[EventCountry "AUT"]
[SourceTitle "EXT 2024"]
[Source "ChessBase"]
[SourceDate "2023.10.10"]
[SourceVersion "1"]
[SourceVersionDate "2023.10.10"]
[SourceQuality "1"]

1. Nc3 e5 2. Nf3 d6 3. d4 exd4 4. Nxd4 c5 5. Nf3 Be6 6. e4 a6 7. Bg5 Be7 8. Qd2 f6 9. Bf4 Nc6 10. Rd1 Ne5 11. Qc1 Qc7 12. Be2 h5 13. Nh4 g5 14. Bxe5 dxe5 15. Ng6 Rh6 16. Nxe7 Qxe7 17. Nd5 Bxd5 18. exd5 0-0-0 19. 0-0 Qd6 20. c4 g4 21. b4 f5 22. Qe3 b6 23. bxc5 bxc5 24. Rb1 Kc7 25. Qg5 Qf6 26. Qd2 Qd6 27. Qa5+ Kc8 28. Rb3 Qc7 29. Qa4 Rb6 30. Rfb1 Rxb3 31. Rxb3 a5 32. Qb5 f4 33. Qa6+ 1-0

[Event "Steyr Landesliga 1516"]
[Site "Austria"]
[Date "2015.09.26"]
[Round "1.8"]
[White "Schneider, Manuel"]
[Black "Koelber, Daniel"]
[Result "1/2-1/2"]
[WhiteElo "1618"]
[BlackElo "1747"]
[PlyCount "64"]
[EventDate "2015.09.26"]
[EventType "team-tourn"]
[EventRounds "11"]
[EventCountry "AUT"]
[SourceTitle "EXT 2017"]
[Source "ChessBase"]
[SourceDate "2016.10.25"]
[SourceVersion "1"]
[SourceVersionDate "2016.10.25"]
[SourceQuality "1"]
[WhiteTeam "Pinggau Friedberg"]
[BlackTeam "Leoben"]
[WhiteTeamCountry "AUT"]
[BlackTeamCountry "AUT"]

1. d4 Nf6 2. c4 c5 3. e3 g6 4. Nf3 Bg7 5. Nc3 0-0 6. Be2 cxd4 7. exd4 d5 8. 0-0 dxc4 9. Bxc4 a6 10. a4 Qc7 11. Bb3 b6 12. Re1 Bb7 13. Be3 Nc6 14. Rc1 Qd6 15. Qd2 Nb4 16. Bf4 Qd8 17. Ne5 Nbd5 18. Nxd5 Nxd5 19. Bxd5 Qxd5 20. Nf3 e6 21. Qb4 Qf5 22. Bd6 Bxf3 23. gxf3 Rfc8 24. Rxc8+ Rxc8 25. Qxb6 Qxf3 26. Qxa6 Ra8 27. Qc4 Qg4+ 28. Kf1 Bxd4 29. Be5 Qh3+ 30. Kg1 Qg4+ 31. Kf1 Qh3+ 32. Kg1 Qg4+ 1/2-1/2

[Event "Niederbayern-ch MK 48th"]
[Site "Ortenburg"]
[Date "2007.??.??"]
[Round "7"]
[White "Schneider, Manuel"]
[Black "Peuchert, Wolfgang"]
[Result "0-1"]
[WhiteElo "888"]
[BlackElo "1531"]
[PlyCount "46"]
[EventDate "2007.??.??"]
[EventType "swiss"]
[EventRounds "9"]
[EventCountry "GER"]
[SourceTitle "EXT 2010"]
[Source "ChessBase"]
[SourceDate "2010.11.25"]
[SourceVersion "1"]
[SourceVersionDate "2010.11.25"]
[SourceQuality "1"]

1. d4 Nf6 2. Nf3 e6 3. Bf4 d5 4. e3 c5 5. Nbd2 Qb6 6. Rb1 Nc6 7. dxc5 Bxc5 8. Be2 0-0 9. 0-0 Nh5 10. Be5 Nxe5 11. Nxe5 Nf6 12. Nb3 Bd6 13. Nf3 Qc7 14. h3 Bd7 15. Nbd4 a6 16. Rc1 b5 17. b3 e5 18. Nxb5 axb5 19. c4 bxc4 20. bxc4 Ba3 21. Rb1 dxc4 22. Qd2 c3 23. Qd3 e4 0-1

[Event "Niederbayern-ch MK 48th"]
[Site "Ortenburg"]
[Date "2007.??.??"]
[Round "5"]
[White "Schneider, Manuel"]
[Black "Seidl, Josef"]
[Result "1-0"]
[WhiteElo "888"]
[BlackElo "1182"]
[PlyCount "103"]
[EventDate "2007.??.??"]
[EventType "swiss"]
[EventRounds "9"]
[EventCountry "GER"]
[SourceTitle "EXT 2010"]
[Source "ChessBase"]
[SourceDate "2010.11.25"]
[SourceVersion "1"]
[SourceVersionDate "2010.11.25"]
[SourceQuality "1"]

1. d4 e6 2. Nf3 Be7 3. Bf4 a6 4. e3 b5 5. c4 b4 6. Nbd2 Bb7 7. Be2 Nf6 8. 0-0 0-0 9. c5 Bd5 10. b3 Ne4 11. Nxe4 Bxe4 12. Rc1 Nc6 13. Bd3 f5 14. Qe2 Bxf3 15. Qxf3 Bg5 16. Bxg5 Qxg5 17. Qe2 f4 18. exf4 Rxf4 19. Qe3 Nxd4 20. Rc4 Nf3+ 21. Kh1 Nh4 22. g3 Qd5+ 23. Re4 Nf5 24. Qxf4 Qxd3 25. Rfe1 Rf8 26. Qxc7 Qf3+ 27. Kg1 Ne3 28. R4xe3 Qxf2+ 29. Kh1 Qd2 30. R3e2 Qd5+ 31. Kg1 h6 32. Qd6 Qg5 33. Kh1 Rc8 34. Qxd7 Rxc5 35. Qxe6+ Kh7 36. Qe4+ Kg8 37. Qxb4 Qd5+ 38. Kg1 Rb5 39. Qc4 Qxc4 40. bxc4 Rc5 41. Rc1 a5 42. Rd2 a4 43. Rd5 Rc8 44. Ra5 g5 45. Rxa4 Kg7 46. c5 Rc6 47. Rc2 Re6 48. c6 Re8 49. c7 Kg6 50. c8Q Rxc8 51. Rxc8 Kh5 52. h3 1-0